Staatsrechtliche Abhandlungen und andere Aufsätze
Guardat en:
| Autor principal: | |
|---|---|
| Format: | Llibre |
| Idioma: | alemany |
| Publicat: |
Berlín
Duncker & Humblot
1968
|
| Edició: | 2a. ed |
| Matèries: | |
| Etiquetes: |
Afegir etiqueta
Sense etiquetes, Sigues el primer a etiquetar aquest registre!
|
MARC
| LEADER | 00000nam a2200000 a 4500 | ||
|---|---|---|---|
| 001 | UCR2675 | ||
| 003 | CL-VaPUC | ||
| 008 | 980116e19680000GW |||||||||||||||||ger|d | ||
| 082 | 0 | 4 | |a 320.01 |b SME |2 21 |
| 100 | 0 | |a Smend, Rudolf |e author |9 255901 | |
| 245 | 1 | 0 | |a Staatsrechtliche Abhandlungen und andere Aufsätze |
| 250 | |a 2a. ed | ||
| 300 | |a 621 p | ||
| 942 | |c BK | ||
| 945 | |d 19980116 00:00:00 |a cmena | ||
| 260 | |a Berlín |b Duncker & Humblot |c 1968 | ||
| 650 | 0 | |a Poderes del estado |9 377457 | |
| 650 | 7 | |a FILOSOFIA POLITICA |2 CL-VaPUC |9 400931 | |
| 650 | 7 | |a TEORIA POLITICA |2 CL-VaPUC |9 400932 | |
| 650 | 0 | |a Parlamentarismo |9 315379 | |
| 650 | 0 | |a Democracia |9 255256 | |
| 650 | 0 | |a Protestantismo |9 317293 | |
| 650 | 0 | |a Estado y derecho |9 255403 | |
| 651 | 0 | |a Alemania |9 255688 | |
| 583 | |a last modification |c 19980116 00:00:00 |k Rodrigo Vera | ||
| 999 | |c 265807 |d 265805 | ||
| 952 | |0 0 |1 0 |4 0 |6 320_010000000000000_SME_1968 |7 0 |8 A |9 296915 |a BIBDER |b BIBDER |d 2019-11-20 |i 1935097 |o 320.01 SME 1968 |p 1935097 |r 2023-01-25 |w 2019-11-20 |y BK |k DER | ||